000 00722cab a2200229 4500
001 WB3347-11
008 090401t1997 xxu||||| |||| 00| 0 eng d
035 _a(Sirsi) u82450
041 _aeng
245 _aEU cutting regional funding
260 _c1997
350 _a0
490 _aFinancial Times
_v1 December 1997, 1&10; 2 December 1997, 8(4)
520 _aEleven EU regions including Northern Ireland and the Scottish Highlands and Islands are set to lose their objective 1 status which will reduce their EU funding.
650 _aEU
650 _aOBJECTIVE 1 FUNDING
650 _aREGIONAL FUNDING
650 _aSTRUCTURAL FUNDS
690 _aEUROPE-SINGLE MARKET
942 _n0
948 _c02/12/1997
999 _c52066
_d52066